Southern African Countries - Statistics

General Stats
  • This quiz has been taken 119 times
  • The average score is 9 of 12
Answers on the Map
Answers color-coded by a green-red scale on the quiz's map according to % correct below.
 
Answer Stats
Answer % Correct
Madagascar
98%
South Africa
98%
Mozambique
80%
Angola
78%
Namibia
76%
Botswana
73%
Malawi
73%
Swaziland
73%
Tanzania
73%
Lesotho
71%
Zimbabwe
66%
Zambia
63%
No matching quizzes found
Score Distribution
Percent of People with Each Score
Percentile by Number Answered
Your Score History
You have not taken this quiz